000 00553nam a2200193Ia 4500
005 20250508162449.0
008 008 250505s9999 xx 000 0 hin d
037 _aTextual
040 _aFEDL
_beng
_cFEDL
041 _ahin
_2hin
084 _a181.48, MAL
_qFEDL
100 _aMalkani Ghanshamdas
245 0 _aVedhfant gyan miminsa
260 _aBhopal, India
_bMadhya Pardesh Hindi Granth Academy
_c1973
300 _a123p.
650 _aOriental Philosophy
_9755543
942 _cTEXL
_h181.48, MAL
999 _c1376715
_d1376715